Hay un país en el mundo y otros poemas de Pedro Mir / (Registro nro. 7364)
[ vista simple ]
| 000 -LEADER | |
|---|---|
| fixed length control field | 01048nam a2200313 a 4500 |
| 001 - CONTROL NUMBER | |
| control field | 000031273 |
| 003 - CONTROL NUMBER IDENTIFIER | |
| control field | DO-SdBNP |
| 005 - DATE AND TIME OF LATEST TRANSACTION | |
| control field | 20171009085722.0 |
| 007 - PHYSICAL DESCRIPTION FIXED FIELD--GENERAL INFORMATION | |
| fixed length control field | 000031273 |
| 008 - FIXED-LENGTH DATA ELEMENTS--GENERAL INFORMATION | |
| fixed length control field | 090929s2009 dr a 000 p spa d |
| 020 ## - INTERNATIONAL STANDARD BOOK NUMBER | |
| International Standard Book Number | 9789945131116 |
| 040 ## - CATALOGING SOURCE | |
| Original cataloging agency | BPMSU |
| Language of cataloging | spa |
| Transcribing agency | BPMSU |
| 082 04 - DEWEY DECIMAL CLASSIFICATION NUMBER | |
| Classification number | RD861.44 |
| Item number | M671, 2009 |
| 100 ## - MAIN ENTRY--PERSONAL NAME | |
| Personal name | Mir, Pedro |
| Dates associated with a name | 1913-2000 |
| 245 10 - TITLE STATEMENT | |
| Title | Hay un país en el mundo y otros poemas de Pedro Mir / |
| Statement of responsibility, etc. | prólogo Juan Bosch ; compilador Tomás Castro Burdiez. |
| 250 ## - EDITION STATEMENT | |
| Edition statement | 2a ed. |
| 260 ## - PUBLICATION, DISTRIBUTION, ETC. (IMPRINT) | |
| Place of publication, distribution, etc. | Santo Domingo : |
| Name of publisher, distributor, etc. | Fundación para la Educación y el Arte, |
| Date of publication, distribution, etc. | 2009. |
| 300 ## - PHYSICAL DESCRIPTION | |
| Extent | 125 p. ; |
| Dimensions | 22 cm. |
| 504 ## - BIBLIOGRAPHY, ETC. NOTE | |
| Bibliography, etc | Incluye referencias bibliográficas y notas al pie de las páginas |
| 600 14 - SUBJECT ADDED ENTRY--PERSONAL NAME | |
| Personal name | MIR, PEDRO, |
| Dates associated with a name | 1913-2000 |
| 650 #4 - SUBJECT ADDED ENTRY--TOPICAL TERM | |
| Topical term or geographic name as entry element | POESÍA DOMINICANA |
| 650 #4 - SUBJECT ADDED ENTRY--TOPICAL TERM | |
| Topical term or geographic name as entry element | LITERATURA DOMINICANA |
| 700 12 - ADDED ENTRY--PERSONAL NAME | |
| Personal name | Bosch, Juan, |
| Relator term | pról. |
| 700 12 - ADDED ENTRY--PERSONAL NAME | |
| Personal name | Castro Burdiez, Tomás, |
| Titles and other words associated with a name | comp. |
| 910 ## - USER-OPTION DATA (OCLC) | |
| User-option data | Validado. Control de calidad MFF |
| 942 ## - ADDED ENTRY ELEMENTS (KOHA) | |
| Source of classification or shelving scheme | Dewey Decimal Classification |
| Koha item type | Libros |
| 945 ## - LOCAL PROCESSING INFORMATION (OCLC) | |
| a | Inventariado / 2017 VM |
| 956 ## - LOCAL ELECTRONIC LOCATION AND ACCESS (OCLC) | |
| Host name | VMATEO |
| Access number | 10 |
| Compression information | 20150908 |
| Logon | BPMSU |
| Processor of request | 00151 |
| Withdrawn status | Lost status | Source of classification or shelving scheme | Damaged status | Not for loan | Collection code | Home library | Current library | Date acquired | Total Checkouts | Full call number | Barcode | Date last seen | Price effective from | Koha item type | Copy number |
|---|---|---|---|---|---|---|---|---|---|---|---|---|---|---|---|
| Dewey Decimal Classification | Colección Dominicana | Biblioteca Municipal Prof. Juan Bosch | Biblioteca Municipal Prof. Juan Bosch | 12/07/2020 | RD861.44 M671, 2009 | BMPJB20120006 | 12/07/2020 | 12/07/2020 | Libros | ||||||
| Dewey Decimal Classification | Colección Dominicana | Biblioteca Municipal Prof. Juan Bosch | Biblioteca Municipal Prof. Juan Bosch | 12/07/2020 | RD861.44 M671, 2009 | BMPJB20120007 | 12/07/2020 | 12/07/2020 | Libros | e.2 | |||||
| Dewey Decimal Classification | Colección Dominicana | Biblioteca Municipal Prof. Juan Bosch | Biblioteca Municipal Prof. Juan Bosch | 12/07/2020 | RD861.44 M671, 2009 | BMPJB20120009 | 12/07/2020 | 12/07/2020 | Libros | e.3 | |||||
| Dewey Decimal Classification | Colección Dominicana | Biblioteca Municipal Prof. Juan Bosch | Biblioteca Municipal Prof. Juan Bosch | 12/07/2020 | RD861.44 M671, 2009 | BMPJB20120008 | 12/07/2020 | 12/07/2020 | Libros | e.4 | |||||
| Dewey Decimal Classification | Colección Dominicana | Biblioteca Municipal Prof. Juan Bosch | Biblioteca Municipal Prof. Juan Bosch | 12/07/2020 | RD861.44 M671, 2009 | BMPJB20120010 | 12/07/2020 | 12/07/2020 | Libros | e.5 | |||||
| Dewey Decimal Classification | Colección Dominicana | Biblioteca Pública Metropolitana Salomé Ureña | Biblioteca Pública Metropolitana Salomé Ureña | 02/05/2015 | BPMSU CD RD861.44 H412, 2009 | BPMSU15041139 | 02/05/2015 | 02/05/2015 | Libros | ||||||
| Dewey Decimal Classification | Colección Dominicana | Biblioteca Pública Metropolitana Salomé Ureña | Biblioteca Pública Metropolitana Salomé Ureña | 02/05/2015 | BPMSU CD RD861.44 H412 2009 | BPMSU15041140 | 02/05/2015 | 02/05/2015 | Libros | e.2 | |||||
| Dewey Decimal Classification | Colección Dominicana | Biblioteca Pública Metropolitana Salomé Ureña | Biblioteca Pública Metropolitana Salomé Ureña | 02/05/2015 | BPMSU CD RD861.44 H412, 2009 | BPMSU15041141 | 02/05/2015 | 02/05/2015 | Libros | e.3 |